| 000 | 00908nam a2200277Ia 4500 | ||
|---|---|---|---|
| 003 | OSt | ||
| 005 | 20220927103647.0 | ||
| 006 | a|||||r|||| 00| 0 | ||
| 007 | ta | ||
| 008 | 220926b |||||||| |||| 00| 0 eng d | ||
| 024 | _a107576 | ||
| 037 | _cReference Collections | ||
| 040 |
_aRTL _cRTL _beng |
||
| 041 |
_2eng _aeng |
||
| 082 | _a"24(X9(D31), L4/UN" | ||
| 110 |
_aUnited Nations Industrial Devleopment Organizaiton _9361193 |
||
| 245 | 0 | _aInformaiton sources on building boards from wood and other fiber materials | |
| 260 |
_aNew _bYork United Naitons USA _c1974 |
||
| 300 |
_a"xii, 82p." _ccm. |
||
| 490 | _a"Its Guides to informaiton sources,9" | ||
| 500 | _aBib p. 69-82 | ||
| 650 |
_aLibrary Sicence _9361194 |
||
| 700 |
_aUnited Nations Industrial Devleopment Organizaiton _9361195 |
||
| 942 |
_h"24(X9(D31), L4/UN" _cCC |
||
| 999 |
_c684644 _d684644 |
||